| 000 | 00498nam a2200181Ia 4500 | ||
|---|---|---|---|
| 999 |
_c33193 _d33193 |
||
| 003 | OSt | ||
| 005 | 20200907101526.0 | ||
| 008 | 190216s9999||||xx |||||||||||||| ||und|| | ||
| 020 | _a5030005137 | ||
| 040 | _coclc | ||
| 082 |
_a530.076 _bZUB/P |
||
| 100 |
_aZubov, V _94453 |
||
| 245 | 0 |
_aProblems In Physics / _cV Zubov ; V Shalnov |
|
| 260 |
_bMir Publishers, _c1989. _aMoscow: |
||
| 300 | _a290p | ||
| 650 | _aPhysics | ||
| 942 |
_cBK _2ddc _h530.076 _iZUB/P _k530.076 _mZUB/P |
||